000 00601nam a22001937a 4500
005 20140407143448.0
010 _aENG-109618
020 _c200.00
_a9788189941505
035 _aEN-93151
037 _bDBAD/PUB
082 _a635
100 _aKumaresan, V.
245 _aHorticulture and plant breeding /
_cby V. Kumaresan
260 _bSaras Publication
_c2009
_aNagercoil
270 _bNagercoil
_e629002
_a114/35G, A. R. P. Camp Road, Periavilai, Kottar P. O.,
300 _avarious pagings :
_c22cm(pbk)
_bill
500 _aIncludes index
942 _2ddc
_cEN
_mKUM
_h635
999 _c83159
_d83159